| 000 | 01359nam a2200313 a 4500 | ||
|---|---|---|---|
| 005 | 20090622122356.0 | ||
| 008 | 070801s2008 mau b 001 0 eng | ||
| 010 | _aENG-94173 | ||
| 020 |
_a9788120337398 _c250.00 |
||
| 035 | _aEN-77706 | ||
| 037 | _bDBAD / PUB | ||
| 040 |
_adpl _bEnglish |
||
| 082 | _a155.42282 | ||
| 100 | _aReddy, Vasudevi | ||
| 245 |
_aHow infants know minds / _cby Vasudevi Reddy |
||
| 260 |
_aNew Delhi _bPHI Learning _c2009 |
||
| 270 |
_aM-97 Connaught Circus _bNew Delhi _e110001 |
||
| 300 |
_a273 p. ; _c25cm(pbk) |
||
| 500 | _aIncludes index. | ||
| 505 | _aA puzzle -- Minding the gap -- Engaging minds: a second-person approach -- Making contact: imitation -- Opening conversations -- Experiencing attention -- Feeling self-conscious -- Playing with intentions -- Sharing funniness -- Faking in communication -- | ||
| 650 | _aInfant psychology. | ||
| 650 | _aSocial perception in children. | ||
| 650 | _aSocial interaction in infants. | ||
| 650 | _aInterpersonal relations in children. | ||
| 650 | _aOther minds (Theory of knowledge) | ||
| 650 | _aCognition in infants. | ||
| 942 |
_2ddc _cEN _h155.42282 _mRED |
||
| 999 |
_c27741 _d27741 |
||